Statistiche per Grandi artisti del '400

Clicka qui per fare il quiz!

Statistiche generali

  • Questo quiz è stato fatto 102 volte
  • Il punteggio medio è 6 su 11

Statistiche sulle risposte

Risposta% Corretto
Sandro Botticelli
96%
Donatello
86%
Filippo Brunelleschi
84%
Piero della Francesca
62%
Andrea Mantegna
59%
Masaccio
51%
Paolo Uccello
36%
Hieronymus Bosch
29%
Beato Angelico
20%
Donato Bramante
20%
Andrea Verrocchio
18%

Distribuzione punteggi

Percentile per numero di risposta

Percentuale di utenti per punteggio

I tuoi punteggi nel tempo

Non hai fatto questo quiz